| 000 | 00622nam a22001937a 4500 | ||
|---|---|---|---|
| 005 | 20180419112913.0 | ||
| 010 | _aENG-122548 | ||
| 020 |
_a9789385998409 _c295.00 |
||
| 035 | _aEN-106080 | ||
| 037 | _bDBAD/PUB. | ||
| 082 | _a333.72 | ||
| 100 | _aJena, Ananta Kumar | ||
| 245 |
_aEssential education forenvironment sustainability / _cby Ananta Kumar Jena |
||
| 260 |
_aNew Delhi _bMedtech Private Ltd. _c2017 |
||
| 270 |
_a4850/24, Ansari Road, Daryaganj, _bNew Delhi _e110002 |
||
| 300 |
_a196p. _bill. _c24cm.(pbk) |
||
| 500 | _aIt includes bibliography and index | ||
| 942 |
_2ddc _cEN _mJEN _h333.72 |
||
| 999 |
_c151033 _d151033 |
||